000 01568cam a22004214i 4500
003 PE-LiUPU
005 20250731173222.0
008 150625s1962 pau r 000 0 eng d
035 _a(Sirsi) a33769
040 _aPE-LiUPU
_bspa
_cPE-LiUPU
_erda
049 _aPRUA
082 0 4 _a221.07
_bOTL
_221
100 1 _aWeiser, Artur,
_eautor.
245 1 4 _aThe psalms :
_bA commentary /
_cArtur Weiser.
264 1 _aPhiladelphia :
_bThe Westminster press,
_c1962.
300 _a841 páginas ;
_c23 centímetros.
336 _atext
_2rdacontent
337 _aunmediated
_2rdamedia
338 _avolume
_2rdacarrier
490 0 _a(The Old Testament Library)
505 0 _aThe two ways -- God and his 'anointed' -- Mornig prayer -- The peace of God -- The judgment of God -- Trust in God -- The words of men and the worl of God -- The divine vernict -- The 'grace of kingship' -- The silence of God -- 6The might and glory of God -- The forgiveness of sins -- In praise of God.
526 _aSEG42
526 _aSEG41
526 _aSEG40
526 _aSEG39
526 _aP94
526 _aP87
526 _aP86
526 _aP85
526 _aP77
526 _aP76
526 _aP35
630 _aBiblia.
_pSalmos
_xCrítica e interpretación
942 _2ddc
_cBK
949 _a221.07 OTL 19
_wDEWEY
_c1
_i37803
_lCCODEBUL1
_mBUL
_p00.00
_r0
_sY
_tBOOK
_u2015-06-25
_xTEOLOGIA
_zUNKNOWN
_0COMPRA
_o.STAFF. Colección General
999 _c41552
_d41552
980 _81
_gALBERTO SANCHEZ Responsable de Automatización